Navaho weaving (Record no. 10220)

MARC details
000 -CABECERA
campo de control de longitud fija 00831nam a2200253 a 4500
001 - NÚMERO DE CONTROL
campo de control BRL_1410
005 - FECHA Y HORA DE LA ÚLTIMA TRANSACCIÓN
campo de control 20190320211206.0
008 - DATOS DE LONGITUD FIJA--INFORMACIÓN GENERAL
campo de control de longitud fija 130114s1974----u--a######---#000-0#eng-#
041 ## - CÓDIGO DE LENGUA
Código de lengua del texto/banda sonora o título independiente eng
044 ## - CÓDIGO DEL PAÍS DE LA ENTIDAD EDITORA/PRODUCTORA
Código MARC del país u
050 #4 - SIGNATURA TOPOGRÁFICA DE LA BIBLIOTECA DEL CONGRESO
Número de clasificación E98.T35
Número de documento/Ítem .A47 1974
100 1# - ENTRADA PRINCIPAL--NOMBRE DE PERSONA
Nombre de persona Amsden, Charles Avery
Fechas asociadas al nombre 1899-1941
9 (RLIN) 26806
245 10 - MENCIÓN DE TÍTULO
Título Navaho weaving
Resto del título its technic and its history
Mención de responsabilidad, etc. by Charles Avery Amsden ; foreword by Frederick Webb Hodge.
260 ## - PUBLICACIÓN, DISTRIBUCIÓN, ETC.
Lugar de publicación, distribución, etc. Glorieta, New Mexico
Nombre del editor, distribuidor, etc. The Rio Grande
Fecha de publicación, distribución, etc. 1974
300 ## - DESCRIPCIÓN FÍSICA
Extensión xviii, 261 p.
Otras características físicas il., hojas plegables
Dimensiones 24 cm.
500 ## - NOTA GENERAL
Nota general Au1651
500 ## - NOTA GENERAL
Nota general Incluye índice
504 ## - NOTA DE BIBLIOGRAFÍA, ETC.
Nota de bibliografía, etc. Bibliografía: p. 241-249
650 14 - PUNTO DE ACCESO ADICIONAL DE MATERIA--TÉRMINO DE MATERIA
Término de materia o nombre geográfico como elemento de entrada Navajos
Subdivisión general Telas
Subdivisión geográfica América del Norte
9 (RLIN) 26807
650 14 - PUNTO DE ACCESO ADICIONAL DE MATERIA--TÉRMINO DE MATERIA
Término de materia o nombre geográfico como elemento de entrada Navajos
Subdivisión general Textiles
Subdivisión geográfica América del Norte
9 (RLIN) 26808
700 1# - PUNTO DE ACCESO ADICIONAL--NOMBRE DE PERSONA
Nombre de persona Webb Hodge, Frederick
9 (RLIN) 26809
902 ## - CATALOGADOR
Iniciales GRL
942 ## - ELEMENTOS DE PUNTO DE ACCESO ADICIONAL (KOHA)
Fuente del sistema de clasificación o colocación Library of Congress Classification
Tipo de ítem Koha Libros
Holdings
Estado de retiro Estado de pérdida Estado dañado No para préstamo Localización permanente Ubicación/localización actual Fecha de adquisición Número de inventario Total de préstamos Signatura topográfica completa Código de barras Fecha visto por última vez Precio válido a partir de Tipo de ítem Koha
El ejemplar forma parte de la colección y puede ser consultado según las políticas vigentes.       Biblioteca Centro de Estudios Ruth D. Lechuga Biblioteca Centro de Estudios Ruth D. Lechuga 13/01/2014 Au1651   E98.T35 .A47 1974 (Au1651) GRL01568 22/03/2019 22/03/2019 Libros